| 000 | 01500nam a22003857a 4500 | ||
|---|---|---|---|
| 003 | CHAP | ||
| 005 | 20220817044433.0 | ||
| 008 | 110418s2011 mx r 00010 spa d | ||
| 010 | _a100969 | ||
| 011 | _a101941 | ||
| 035 | _a112629 | ||
| 040 | _cCHAP | ||
| 090 | _aTesis | ||
| 100 | 1 |
_aGil Serapio, Heriberto _947949 |
|
| 245 | 1 | 0 |
_aIdentificación del ácaro del banano (Musa x paradisiaca L.) en Tecomán, Colima México _h[En línea] /por Heriberto Gil Serapio |
| 260 |
_aChapingo, Méx. : _bEl autor, _c2011 |
||
| 500 | _aPara ver el contenido del material haga clic en la liga | ||
| 502 | _aTesis (Ing. Agr. Esp. en Parasitología Agrícola) -- UACH. Departamento de Parasitología Agrícola | ||
| 590 |
_aALEPH _b10 _c20130110 _lUCH01 _h1540 |
||
| 590 |
_aBATCH-UPD _b10 _c20130110 _lUCH01 _h1458 |
||
| 590 |
_aBATCH-UPD _b10 _c20130410 _lUCH01 _h0921 |
||
| 590 |
_aBATCH-UPD _b10 _c20130914 _lUCH01 _h1542 |
||
| 590 |
_aBATCH-UPD _b10 _c20140324 _lUCH01 _h1524 |
||
| 590 |
_aBATCH-UPD _b10 _c20141002 _lUCH01 _h0848 |
||
| 590 |
_aCONVERSION _b10 _c20130109 _lUCH01 _h1356 |
||
| 650 | 1 | 4 | _aÁcaros. |
| 650 | 1 | 4 |
_aMusa paradisiaca. _979855 |
| 650 | 1 | 4 |
_aPlátano _xColima. _989219 |
| 650 | 1 | 4 |
_aPlátano _xEnfermedades. _989231 |
| 856 |
_3Finding aid _uhttp://10.13.5.2/tesis/112629.pdf _zTeclea aqui |
||
| 901 | _aBK | ||
| 942 | _cFOLL | ||
| 949 |
_aTesis _bBC _cTES _d33724002257504 _eTS2 _gDonaciØn _h52174 _i112629 _st |
||
| 949 |
_aTesis _bBC _cTES _d33724002257545 _eTS1 _gDonaciØn _h52173 _i112629 _st |
||
| 999 |
_c100969 _d100969 |
||